| 000 | 00489nam a2200169 a 4500 | ||
|---|---|---|---|
| 003 | CDMR | ||
| 005 | 20131216181747.0 | ||
| 008 | 130130s1972||||fr |||||||||||||||||fre|d | ||
| 040 |
_aCDMR _bcat _cCDMR |
||
| 100 | 1 |
_9390 _aMoles, Abraham André |
|
| 245 | 1 | 0 |
_aThéorie de l'information et perception esthétique _cAbraham Moles |
| 260 |
_aParis _bDenoël/Gonthier _c1972 |
||
| 300 | _a327 p. | ||
| 490 | 0 | _aMédiations Gonthier | |
| 650 | 0 | 4 |
_92194 _aInformació, Teoria de la |
| 942 |
_cMON _2udc |
||
| 999 |
_c3651 _d3651 |
||